PRACTICAL SEWING TECHNIQUES (Record no. 17242)

MARC details
000 -LEADER
fixed length control field 00301nam a22001337a 4500
003 - CONTROL NUMBER IDENTIFIER
control field SGT
020 ## - INTERNATIONAL STANDARD BOOK NUMBER
International Standard Book Number 978-1-4081-2748-3
082 ## - DEWEY DECIMAL CLASSIFICATION NUMBER
Classification number 746.92
Item number P11J
100 ## - MAIN ENTRY--PERSONAL NAME
Personal name JOHNSON, RUTH S L
245 ## - TITLE STATEMENT
Title PRACTICAL SEWING TECHNIQUES
260 ## - PUBLICATION, DISTRIBUTION, ETC. (IMPRINT)
Place of publication, distribution, etc LONDON
Name of publisher, distributor, etc A & C BLACK
Year of Publication 2011
300 ## - PAGE DESCRIPTION
No. of Pages 143
942 ## - ADDED ENTRY ELEMENTS (KOHA)
Source of classification or shelving scheme Dewey Decimal Classification
Koha item type Books
Holdings
Withdrawn status Lost status Source of classification or shelving scheme Damaged status Not for loan Home library Current library Shelving location Date acquired Vendor Name Cost, normal purchase price SGTU Bill Number Total Checkouts Full call number Accession No. (Barcode) Date last seen Bill Date Koha item type
    Dewey Decimal Classification     SGT Science & Social Sciences Library SGT Science & Social Sciences Library Reference Book 01/04/2019 PANKAJ PUB. 1424.05 SGTU 4321   746.92 P11J FF641 01/04/2019 07/03/2019 Books